000 01940cam a22005054i 4500
003 PE-LiUPU
005 20250731165533.0
008 150625s r 000 0 d
035 _a(Sirsi) a30632
040 _aPE-LiUPU
_bspa
_cPE-LiUPU
_erda
082 0 4 _a020
_bA45
_221
100 1 _aAlbani, Juan,
_eautor.
245 1 0 _aManual de bibliotecologÍa /
_cJuan Albani.
250 _a2a
264 1 _aBuenos Aires :
_bKapelusz,
_c1958.
300 _a212 páginas :
_bilustraciones, tablas, gráficos ;
_c23 cm.
336 _atext
_2rdacontent
337 _aunmediated
_2rdamedia
338 _avolume
_2rdacarrier
505 0 _aHistoria y tecnica del libro. - Administración de la biblioteca. - Instalación de la bilbioteca. - Selección y adqusiciones. - Ingreso de los libros. - Los catálogos. - La biblioteca y el público. - El servicio de referencia.
526 _aSEG44
526 _aSEG26
526 _aP151
526 _aP150
526 _aP149
526 _aP146
526 _aP145
526 _aP126
526 _aP125
526 _aP92
526 _aP75
526 _aP74
526 _aP27
526 _aP15
650 0 4 _aAdministración de bibliotecas.
910 _bop
942 _2ddc
_cBOOK
949 _a020 A45
_wDEWEY
_c1
_i54782
_lCCODEBUL1
_mBUL
_p00.00
_r0
_sY
_tBOOK
_u2015-06-25
_xBIBLIOTECA
_zUNKNOWN
_0COMPRA
_o.STAFF. Colección General
949 _a020 A45
_wDEWEY
_c2
_i15890
_lCCODEBUL1
_mBUL
_p00.00
_r0
_sY
_tBOOK
_u2015-06-25
_xBIBLIOTECA
_zUNKNOWN
_0COMPRA
_o.STAFF. Colección General
596 _a1
999 _a020 A45
_wDEWEY
_c38098
_i54782
_f2021-11-4
_g5
_lCCODEBUL1
_mBUL
_r0
_sY
_tBOOK
_u2015-6-25
_xBIBLIOTECA
_zUNKNOWN
_0COMPRA
_o.STAFF. Colección General
_d38098
999 _a020 A45
_wDEWEY
_c2
_i15890
_f2019-12-9
_g4
_lDISCARD
_mBUL
_r1
_sY
_tBOOK
_u2015-6-25
_xEDUCACION
_zUNKNOWN
_0COMPRA
_o.STAFF. Colección General
980 _81
_gALBERTO SANCHEZ Responsable de Automatización